000 00575cam a22002053a 4500
001 45734
003 PGUSA
005 20140828084047.0
008 140523s2014||||xxu|||||s|||||000 | eng d
040 _aPGUSA
_beng
042 _adc
100 1 _aBesant, Walter,
_d1836-1901
245 1 4 _aThe Chaplain of the Fleet
_h[electronic resource] /
_cWalter Besant
260 _bProject Gutenberg,
_c2014
506 _aPublic domain in the USA.
516 _aElectronic text
830 0 _aProject Gutenberg
_v45734
856 4 0 _uhttp://www.gutenberg.org/ebooks/45734
942 _cEB
999 _c274984
_d274984